NBA nations in season 24/25 - Statistics

General Stats
  • This quiz has been taken 54 times
  • The average score is 45 of 76
Answer Stats
Hint Answer % Correct
52 2. Canada
100%
50 3. France
98%
15 10. Germany
98%
4492 1. USA
98%
18 7. Brazil
92%
6 16. China
92%
34 4. Serbia
92%
29 5. Australia
90%
3 19. Japan
90%
17 8. Spain
90%
3 19. Mexico
88%
7 15. UK
88%
10 14. Russia
86%
16 9. Argentina
84%
11 13. Greece
84%
11 13. Slovenia
84%
10 14. Italy
80%
1 21. Portugal
76%
14 11. Turkey
76%
4 18. Sweden
74%
6 16. Cameroon
72%
3 19. DR Congo
70%
13 12. Nigeria
70%
4 18. Poland
70%
21 6. Croatia
68%
1 21. Egypt
68%
3 19. Finland
68%
7 15. Latvia
68%
2 20. New Zealand
68%
4 18. Belgium
66%
1 21. Norway
66%
10 14. Ukraine
66%
1 21. Austria
64%
1 21. Denmark
64%
1 21. Ireland
64%
14 11. Lithuania
64%
6 16. Netherlands
62%
6 16. Bosnia and Herzegovina
60%
1 21. Colombia
58%
6 16. Montenegro
58%
1 21. South Korea
58%
1 21. Sudan
58%
4 18. Bahamas
56%
4 18. Czech republic
56%
2 20. Cuba
54%
2 20. Estonia
54%
1 21. Iran
54%
1 21. Romania
54%
5 17. South Sudan
54%
3 19. Switzerland
54%
7 15. Dominican republic
52%
14 11. Senegal
52%
2 20. Haiti
50%
1 21. Panama
50%
2 20. Ghana
48%
5 17. Jamaica
48%
2 20. Venezuela
48%
6 16. Georgia
46%
3 19. Israel
46%
2 20. Bulgaria
44%
1 21. Uruguay
44%
1 21. Angola
40%
4 18. Mali
40%
1 21. Tunisia
36%
7 15. Puerto Rico
34%
1 21. Belize
32%
1 21. Guinea
32%
1 21. Tanzania
30%
1 21. Trinidad and Tobago
30%
2 20. Gabon
26%
1 21. Cape Verde
24%
1 21. Antigua and Barbuda
18%
1 21. Saint Lucia
18%
1 21. Saint Vincent and the Grenadines
16%
2 20. US Virgin Islands
10%
1 21. British Virgin Islands
2%
No matching quizzes found
Score Distribution
Percent of People with Each Score
Percentile by Number Answered
Your Score History
You have not taken this quiz